000 00550cam a2200205 i 4500
001 4122460
005 20180205071714.0
008 760226s1975 coua s 000 0 eng
010 _a 75620063
040 _aDLC
_cDLC
_dDLC
041 _aeng
043 _an-us---
080 _a371.27
082 0 0 _a371.27 JOH
100 1 _a46
101 _aEDU
245 1 0 _aUpdate on education :
_cSimon S. Johnson.
906 _a7
_bcbc
_corignew
_d3
_encip
_f19
_gy-gencatlg
942 _2ddc
_cBK
999 _c41756
_d41756